000 00635nam a2200241Ia 4500
003 OSt
005 20220924140426.0
006 a|||||r|||| 00| 0
007 ta
008 220923b |||||||| |||| 00| 0 ben d
024 _a295094
037 _cTextual
040 _aARTS
_cARTS
_bben
041 _2ben
_aben
082 _aO157,3N025x, N4.1
100 _aGhatak
_9205867
245 0 _aRachana sanklan
260 _c1994
650 _aBENGALI LITERATURE
700 _a Mukhopaddhyay Soma Ed.
_9211352
942 _hO157,3N025x, N4.1
_cTEXL
_2CC
999 _c444260
_d444260